[Event "WchT Seniors 50"]
[Site "Prague"]
[Date "2020.03.08"]
[Round "3.25"]
[White "Lawrence, Paul"]
[Black "Carsten, Juergen"]
[Result "1-0"]
[WhiteElo "1894"]
[BlackElo "1781"]
[PlyCount "115"]
[EventDate "2020.03.06"]
[EventType "team-swiss"]
[EventRounds "7"]
[EventCountry "CZE"]
[SourceTitle "CBM 195 Extra"]
[Source "ChessBase"]
[SourceDate "2020.05.31"]
[SourceVersion "1"]
[SourceVersionDate "2020.05.31"]
[SourceQuality "1"]
[WhiteTeam "England 50 II"]
[BlackTeam "Germany 50 X"]
[WhiteTeamCountry "ENG"]
[BlackTeamCountry "GER"]

1. c4 e5 2. Nc3 c6 3. Nf3 d6 4. g3 Nf6 5. d3 Be7 6. Bg2 d5 7. cxd5 cxd5 8. Nxe5 d4 9. Qa4+ Nbd7 10. Qxd4 Nxe5 11. Qxe5 0-0 12. 0-0 a6 13. Bf4 Ne8 14. Nd5 Bd6 15. Qe4 Be6 16. Rac1 Bxf4 17. Nxf4 Bxa2 18. Qa4 Be6 19. Nxe6 fxe6 20. Rc2 Qb6 21. e3 Nf6 22. Rfc1 Nd5 23. Bxd5 exd5 24. Qa2 Rad8 25. Rc5 Qf6 26. b4 Qf7 27. Rc7 Qf3 28. h4 b5 29. Qb2 Rf7 30. Rxf7 Qxf7 31. Qe5 Rf8 32. f4 Re8 33. Qd4 Qe6 34. Kf2 Rd8 35. Kg2 Re8 36. Rc7 Qf6 37. Qxf6 gxf6 38. Kf3 Re6 39. Rd7 h6 40. Rxd5 Kg7 41. Rc5 Rd6 42. d4 Kg6 43. g4 Kf7 44. d5 h5 45. e4 Kg6 46. e5 hxg4+ 47. Kxg4 f5+ 48. Kg3 Rd8 49. Rc6+ Kh5 50. d6 a5 51. bxa5 b4 52. Rb6 Ra8 53. d7 b3 54. Rxb3 Rh8 55. Rd3 Rd8 56. a6 Ra8 57. d8Q Rxa6 58. Qg5# 1-0

[Event "WchT Seniors 50"]
[Site "Prague"]
[Date "2020.03.07"]
[Round "2.20"]
[White "Carsten, Juergen"]
[Black "Bradac, Roman"]
[Result "0-1"]
[WhiteElo "1781"]
[BlackElo "1974"]
[PlyCount "108"]
[EventDate "2020.03.06"]
[EventType "team-swiss"]
[EventRounds "7"]
[EventCountry "CZE"]
[SourceTitle "CBM 195 Extra"]
[Source "ChessBase"]
[SourceDate "2020.05.31"]
[SourceVersion "1"]
[SourceVersionDate "2020.05.31"]
[SourceQuality "1"]
[WhiteTeam "Germany 50 X"]
[BlackTeam "Czech Republic 50 VIII"]
[WhiteTeamCountry "GER"]
[BlackTeamCountry "CZE"]

1. e4 c5 2. c3 g6 3. Bc4 e6 4. d4 d5 5. exd5 exd5 6. Bb3 c4 7. Bc2 Bg7 8. Bf4 Nc6 9. Ne2 Nge7 10. Ng3 0-0 11. 0-0 b5 12. Nd2 a5 13. Re1 Ra7 14. Nf3 Bg4 15. h3 Bxf3 16. Qxf3 Nc8 17. Re2 Re7 18. Bg5 f6 19. Be3 Rfe8 20. Rae1 Nb6 21. h4 Qd7 22. h5 f5 23. Bg5 Rxe2 24. Rxe2 b4 25. Kf1 a4 26. Rxe8+ Qxe8 27. Nxf5 Qf7 28. hxg6 hxg6 29. Nh4 Qxf3 30. gxf3 b3 31. axb3 cxb3 32. Bxg6 Nc4 33. Bc1 Nxd4 34. cxd4 Bxd4 35. Nf5 Bxb2 36. Bxb2 Nxb2 37. Nd4 Nc4 38. Ke2 Kg7 39. Be8 b2 40. Ne6+ Kf6 41. Nf4 b1Q 42. Nxd5+ Ke5 43. Bc6 Qc2+ 44. Ke1 a3 45. f4+ Kd6 46. f5 a2 47. Kf1 Nd2+ 48. Ke2 Qxc6 49. Ne3 Ne4 50. f4 a1Q 51. f6 Qb2+ 52. Kf3 Nxf6+ 53. Kg3 Qcc3 54. Kh4 Qxe3 0-1

[Event "WchT Seniors 50"]
[Site "Radebeul"]
[Date "2016.06.29"]
[Round "4.3"]
[White "Fuchs, Joachim"]
[Black "Carsten, Juergen"]
[Result "0-1"]
[WhiteElo "1819"]
[BlackElo "1789"]
[PlyCount "102"]
[EventDate "2016.06.26"]
[EventType "team-swiss"]
[EventRounds "9"]
[EventCountry "GER"]
[SourceTitle "CBM 173 Extra"]
[Source "ChessBase"]
[SourceDate "2016.08.29"]
[SourceVersion "1"]
[SourceVersionDate "2016.08.29"]
[SourceQuality "1"]
[WhiteTeam "Markkleeberg"]
[BlackTeam "Deutsche Schach Loewen"]
[WhiteTeamCountry "GER"]
[BlackTeamCountry "GER"]

1. d4 d5 2. c4 c6 3. cxd5 cxd5 4. Nf3 Nf6 5. Nc3 e6 6. a3 Bd6 7. Bg5 Nbd7 8. e3 0-0 9. Bd3 a6 10. 0-0 Re8 11. Rc1 b5 12. e4 dxe4 13. Nxe4 Be7 14. Bf4 Nd5 15. Bg3 f5 16. Nd6 f4 17. Nxe8 fxg3 18. Nxg7 gxh2+ 19. Nxh2 Kxg7 20. Qg4+ Kh8 21. Qxe6 N7f6 22. Qe2 Bd6 23. g3 Bb7 24. Nf3 Qg8 25. Ne5 Nf4 26. Qe3 N4d5 27. Qh6 Bxe5 28. dxe5 Ng4 29. Qh4 Nxe5 30. Be4 Qg7 31. Qh5 Nf4 32. Qxh7+ Qxh7 33. Bxh7 Ne2+ 34. Kh2 Nxc1 35. Rxc1 Nf3+ 36. Kg2 Ng5+ 37. Kf1 Nxh7 38. f4 Rc8 39. Rxc8+ Bxc8 40. Ke2 Kg7 41. Ke3 Kf6 42. Kd4 Nf8 43. Kd5 Ke7 44. Kc6 Kd8 45. Kb6 Kd7 46. b3 Kd6 47. g4 Nd7+ 48. Ka5 Kc5 49. a4 b4 50. f5 Ne5 51. f6 Nc6# 0-1